| 000 | 01014nam a22002417a 4500 | ||
|---|---|---|---|
| 999 |
_c11570 _d11570 |
||
| 003 | AR-CdUCM | ||
| 008 | 190404b ||||| |||| 00| 0 spa d | ||
| 040 |
_aMUNICIPALIDAD PROVINCIAL DEL CUSCO _cBIBLIOTECA MUNICIPAL DEL CUSCO |
||
| 082 |
_a609 / _bL27 /1943 |
||
| 100 |
_aDanilevski, Víctor Basilevich. _928998 |
||
| 245 |
_aHistoria de la técnica : _bsiglos XVIII y XIX / |
||
| 260 |
_aBuenos Aires : _b Edit. Lautaro, _c1943. |
||
| 300 |
_a363 paginas ; _c26 cm. |
||
| 505 | _aContenido :Las maquinas textiles -- La revolucion industrial de la mecanizacion textil -- Las primeras maquinas -- Los trabajos de Arkwright -- Hilatura mecanica de lana y lino -- La maquina a vapor -- Los motores primitivos... | ||
| 650 |
_aTecnologia _91571 |
||
| 650 |
_aInventos _921995 |
||
| 650 |
_aRevolucion industrial _98890 |
||
| 650 |
_aMaquinas de coser _928999 |
||
| 650 |
_aIndustria constructora de maquinas _929000 |
||
| 700 |
_aD. A. (Traductor) _929001 |
||
| 942 |
_2ddc _cLIBROS |
||
| 945 |
_awnts _d2019-04-04 |
||